Historia del Tribunal del Santo Oficio de la Inquisición en México, por José Toribio Medina
Gardado en:
| Autor Principal: | |
|---|---|
| Formato: | Libro |
| Idioma: | Lingua castelá |
| Publicado: |
Santiago
Imprenta Elzeviriana
1903
|
| Edición: | 1a. ed |
| Subjects: | |
| Tags: |
Engadir etiqueta
Sen Etiquetas, Sexa o primeiro en etiquetar este rexistro!
|
MARC
| LEADER | 00000nam a2200000 a 4500 | ||
|---|---|---|---|
| 001 | UCJ3446 | ||
| 003 | CL-VaPUC | ||
| 005 | 20250108092858.0 | ||
| 008 | 070124e19030000CL |||||||||||||||||spa|d | ||
| 999 | |c 319568 |d 319566 | ||
| 040 | |c Pontificia Universidad Católica de Valparaíso | ||
| 082 | 0 | 4 | |a 983 |b MED |2 21 |
| 100 | |a Medina, José Toribio |d autor |9 864577 | ||
| 245 | 1 | 0 | |a Historia del Tribunal del Santo Oficio de la Inquisición en México, por José Toribio Medina |
| 250 | |a 1a. ed | ||
| 260 | |a Santiago |b Imprenta Elzeviriana |c 1903 | ||
| 300 | |a viii, 574 p | ||
| 500 | |a Folio.- Anteport.- v. en b.- Port. a dos tintas.- Dedicatoria a Don Porfirio Díaz. Chiappa-Feliú Cruz, N§ 163 | ||
| 500 | |a Medina, miembro de la Academia Chilena, secretario de la Facultad de Humanidades y Bellas Artes de la Universidad de Chile; Miembro correspondiente de las Reales Academias de la Lengua y de la Historia; de la Academia Sevillana de San Fernando; Socio Honorario del Instituto Geográfico Argentino y de la Junta de Historia y Numismática Argentina; de la Sociedad Geográfica de La Paz; correspondiente de la Academia Nacional de Historia de Bogotá; de la Hispanic Society of America; de la Sociedad de Escritores y Artistas de Madrid, etc | ||
| 583 | |a last modification |c 20070124 00:00:00 |k Rodrigo Vera | ||
| 650 | 0 | |a Colonización española |9 256592 | |
| 650 | 0 | |a Iglesia Católica |9 256114 | |
| 650 | 0 | |a Autos de fe |9 505296 | |
| 650 | 7 | |a DOCUMENTOS |2 CL-VaPUC |9 366450 | |
| 650 | 0 | |a Inquisición española |9 313621 | |
| 651 | 0 | |a México |9 255269 | |
| 942 | |c BK |2 ddc | ||
| 945 | |d 20070124 00:00:00 |a rinostro | ||
| 952 | |0 0 |1 0 |4 0 |6 983_000000000000000_MED_1903 |7 0 |8 X |9 397917 |a FDOBUD |b FDOBUD |d 2019-11-22 |i 1043625 |o 983 MED 1903 |p 1043625 |r 2019-11-22 |w 2019-11-22 |y BK_X |k BUD | ||